<?xml version="1.0" encoding="UTF-8"?>
<marc:record xmlns:marc="http://www.loc.gov/MARC21/slim">
   <marc:leader>00000nam a2200000 a 4500</marc:leader>
   <marc:datafield ind1="1" ind2=" " tag="100">
      <marc:subfield code="a">Minkoff, Rob</marc:subfield>
      <marc:subfield code="4">aut</marc:subfield>
      <marc:subfield code="e">Verfasser/-in</marc:subfield>
   </marc:datafield>
   <marc:datafield ind1=" " ind2=" " tag="653">
      <marc:subfield code="a">Maus</marc:subfield>
   </marc:datafield>
   <marc:datafield ind1=" " ind2=" " tag="653">
      <marc:subfield code="a">DVD</marc:subfield>
   </marc:datafield>
   <marc:datafield ind1="0" ind2="0" tag="245">
      <marc:subfield code="a">Stuart Little</marc:subfield>
   </marc:datafield>
   <marc:datafield ind1="0" ind2="0" tag="245">
      <marc:subfield code="b">die Familie Little hat sich vergrössert</marc:subfield>
   </marc:datafield>
   <marc:datafield ind1=" " ind2="1" tag="264">
      <marc:subfield code="b">Columbia Tristar Home Video</marc:subfield>
      <marc:subfield code="c">2001</marc:subfield>
   </marc:datafield>
   <marc:datafield ind1="1" ind2=" " tag="520">
      <marc:subfield code="a">Schon lange haben sich Mr. und Mrs. Little ein Brüderchen für ihren einzigen Sohn George gewünscht. Ein Besuch in einem Waisenhaus bringt den ersehnten Erfolg. Stuart: Er ist klein, naseweiß - und eine Maus. George beäugt das neue Familienmitglied zuerst mit einer gehörigen Portion Mißtrauen ... und Snowbell, die Katze, hat den neuen Little zum Fressen gern. So verbündet sie sich mit einer Horde Straßenkater, um Stuart los zu werden. Für den smarten, kleinen Nager brechen harte Zeiten an ...</marc:subfield>
   </marc:datafield>
   <marc:datafield ind1="3" ind2=" " tag="024">
      <marc:subfield code="a">4030521288096</marc:subfield>
   </marc:datafield>
</marc:record>
